<?xml version="1.0" encoding="UTF-8"?>
<collection xmlns="http://www.loc.gov/MARC21/slim">
 <record>
  <leader>00488pamaa2200145   4500</leader>
  <controlfield tag="001">0000020837</controlfield>
  <controlfield tag="005">20070130090000.0</controlfield>
  <datafield tag="020" ind1="0" ind2="0">
   <subfield code="a">9622582362 </subfield>
  </datafield>
  <datafield tag="090" ind1="0" ind2="0">
   <subfield code="a">PE1462 </subfield>
   <subfield code="b">REA 1998</subfield>
  </datafield>
  <datafield tag="245" ind1="0" ind2="0">
   <subfield code="a">READER'S Digest word power dictionary : </subfield>
   <subfield code="b">improve your English as you build your vocabulary  </subfield>
   <subfield code="c">The Reader's Digest Association.</subfield>
  </datafield>
  <datafield tag="260" ind1="0" ind2="0">
   <subfield code="a">Hong Kong: </subfield>
   <subfield code="b">Reader's Digest, </subfield>
   <subfield code="c">c1998.</subfield>
  </datafield>
  <datafield tag="300" ind1=" " ind2=" ">
   <subfield code="a">1088p.; </subfield>
   <subfield code="c">31cm.</subfield>
  </datafield>
  <datafield tag="650" ind1="0" ind2="0">
   <subfield code="a">Vocabulary -- </subfield>
   <subfield code="x">Dictionaries </subfield>
  </datafield>
  <datafield tag="710" ind1="1" ind2="1">
   <subfield code="a">Reader's Digest </subfield>
  </datafield>
  <datafield tag="740" ind1="0" ind2="0">
   <subfield code="a">Word power dictionary</subfield>
  </datafield>
 </record>
</collection>
